Central Library OPAC University of Rajshahi

تارىخ وتنقیىد ادبیىات اردو / Tārīk̲h̲ o tanqīd-i adabiyāt-i urdū / (Record no. 85377)

MARC details
000 -LEADER
fixed length control field 00770nam a22002177a 4500
001 - CONTROL NUMBER
control field 85377
003 - CONTROL NUMBER IDENTIFIER
rucl marc code BD-RjUL
005 - DATE AND TIME OF LATEST TRANSACTION
control field 20250730143553.0
008 - FIXED-LENGTH DATA ELEMENTS--GENERAL INFORMATION
fixed length control field 250730s1947 pk ||||| |||| 00| 0 urd d
035 ## - SYSTEM CONTROL NUMBER
System control number (BD-RjUL)85377
040 ## - CATALOGING SOURCE
Original cataloging agency BD-RjUL
Language of cataloging eng
Transcribing agency BD-RjUL
041 ## - LANGUAGE CODE
Language code of text/sound track or separate title urd
082 ## - DEWEY DECIMAL CLASSIFICATION NUMBER
Edition number 23
Classification number 891.43909
Author mark and year QAT 1947
100 ## - MAIN ENTRY--PERSONAL NAME
Personal name قادرى، حامد حسن،, , / Qādirī.,: Ḥāmid Ḥasan
9 (RLIN) 16355
245 10 - TITLE STATEMENT
Title تارىخ وتنقیىد ادبیىات اردو / Tārīk̲h̲ o tanqīd-i adabiyāt-i urdū /
Statement of responsibility, etc. حامد حسین قادرى. / : Ḥāmid Ḥasan Qādirī.,
250 ## - EDITION STATEMENT
Edition statement 2nd.ed.
260 ## - PUBLICATION, DISTRIBUTION, ETC. (IMPRINT)
Place of publication, distribution, etc. Agra :
Name of publisher, distributor, etc. مطبہ شمس مشین پریس ,
Date of publication, distribution, etc. 1947
300 ## - PHYSICAL DESCRIPTION
Pagination 209 p. ;
Size 17 cm
650 ## - SUBJECT ADDED ENTRY--TOPICAL TERM
Topical term or geographic name as entry element Urdu Literature
Form subdivision History & Criticism
942 ## - ADDED ENTRY ELEMENTS (KOHA)
Source of classification or shelving scheme Dewey Decimal Classification
Koha item type Books
Holdings
Lost status Source of classification or shelving scheme Damaged status Not for loan Collection code Permanent Location Current Location Shelving location Date acquired Total Checkouts Full call number Date last seen Copy number Koha item type
  Dewey Decimal Classification   Not For Loan Non-fiction Central Library, University of Rajshahi Central Library, University of Rajshahi Reading Room 20/02/1958   U 891.43909 QAT 1947 30/07/2025 C-1 Books